| 000 | 00431nam a2200133Ia 4500 | ||
|---|---|---|---|
| 008 | 170221s9999 xx 000 0 und d | ||
| 100 | _aRussell Olukayode | ||
| 245 | 4 | _aThe Theoretical Models of Financial Acceleration in Entrepreneurship Development | |
| 245 | _cRussell Olukayode Christopher Somoye | ||
| 260 | _c2017 | ||
| 300 | _a6 : 1 | ||
| 650 | _xBusiness | ||
| 856 | _uhttp://www.scienpress.com/Upload/BEJ/Vol%202_2_1.pdf | ||
| 999 |
_c309853 _d309853 |
||